Climate change and development / (Record no. 585978)
[ view plain ]
| 000 -LEADER | |
|---|---|
| fixed length control field | 02656cam a2200265 i 4500 |
| 020 ## - INTERNATIONAL STANDARD BOOK NUMBER | |
| International Standard Book Number | 9780415664264 (hardback) |
| 020 ## - INTERNATIONAL STANDARD BOOK NUMBER | |
| International Standard Book Number | 9780415664271 (paperback) |
| 082 00 - DEWEY DECIMAL CLASSIFICATION NUMBER | |
| Classification number | 338.927 |
| 100 1# - MAIN ENTRY--PERSONAL NAME | |
| Personal name | Tanner, Thomas, |
| Dates associated with a name | 1975- |
| Relator term | author. |
| 245 10 - TITLE STATEMENT | |
| Title | Climate change and development / |
| Statement of responsibility, etc. | Thomas Tanner and Leo Horn-Phathanothai. |
| 300 ## - PHYSICAL DESCRIPTION | |
| Extent | xxiii, 367pages ; |
| Dimensions | 24 cm. |
| 504 ## - BIBLIOGRAPHY, ETC. NOTE | |
| Bibliography, etc. note | Includes bibliographical references (pages 332-356) and index. |
| 650 #0 - SUBJECT ADDED ENTRY--TOPICAL TERM | |
| Topical term or geographic name entry element | Economic development |
| 650 #0 - SUBJECT ADDED ENTRY--TOPICAL TERM | |
| Topical term or geographic name entry element | Sustainable development. |
| 650 #0 - SUBJECT ADDED ENTRY--TOPICAL TERM | |
| Topical term or geographic name entry element | Climatic changes. |
| 650 #7 - SUBJECT ADDED ENTRY--TOPICAL TERM | |
| Topical term or geographic name entry element | SCIENCE / Environmental Science. |
| 650 #7 - SUBJECT ADDED ENTRY--TOPICAL TERM | |
| Topical term or geographic name entry element | SCIENCE / Earth Sciences / Geography. |
| 650 #7 - SUBJECT ADDED ENTRY--TOPICAL TERM | |
| Topical term or geographic name entry element | SOCIAL SCIENCE / Human Geography. |
| 700 1# - ADDED ENTRY--PERSONAL NAME | |
| Personal name | Horn-Phathanothai, Leo, |
| 942 ## - ADDED ENTRY ELEMENTS (KOHA) | |
| Source of classification or shelving scheme | |
| Koha item type | Book |
| 650 #0 - SUBJECT ADDED ENTRY--TOPICAL TERM | |
| -- | 19946 |
| 650 #7 - SUBJECT ADDED ENTRY--TOPICAL TERM | |
| -- | 2228 |
| 650 #7 - SUBJECT ADDED ENTRY--TOPICAL TERM | |
| -- | 81036 |
| 650 #7 - SUBJECT ADDED ENTRY--TOPICAL TERM | |
| -- | 81037 |
| 700 1# - ADDED ENTRY--PERSONAL NAME | |
| -- | 81044 |
| Withdrawn status | Lost status | Source of classification or shelving scheme | Damaged status | Not for loan | Permanent Location | Current Location | Date acquired | Total Checkouts | Full call number | Barcode | Date last seen | Date last checked out | Price effective from | Koha item type |
|---|---|---|---|---|---|---|---|---|---|---|---|---|---|---|
| Central Library (CL) | Central Library (CL) | 07/19/2021 | 1 | 338.927 TAN | CL-557 | 03/31/2022 | 08/11/2021 | 07/19/2021 | Book |
